000 01524cam a22003854i 4500
003 PE-LiUPU
005 20250731183341.0
008 150616s r 000 0 d
035 _a(Sirsi) a1558
040 _aPE-LiUPU
_bspa
_cPE-LiUPU
_erda
049 _aPRUA
082 0 4 _a759.1
_bP86
_221
245 0 0 _aAmerican painting today /
_cEditado por Nathaniel Pousette-Dart.
264 1 _aNew York :
_bHasting House, Publishers,
_c1956.
300 _a127 páginas :
_bilustraciones ;
_c27 cm
336 _atext
_2rdacontent
337 _aunmediated
_2rdamedia
338 _avolume
_2rdacarrier
504 _aIncluye bibliografía.
505 0 _aThe advisory committee -- Foreword -- Introduction -- Paintings -- The artits as critic -- Paintings -- Permanent opinions -- Paintings -- Art reference briefs -- Reference index and credits.
526 _aP158
526 _aP146
526 _aP17
526 _aP12
526 _aP06
650 0 4 _aPintura
_zAmérica.
700 1 _aPousette-Dart, Nathaniel,
_d1886,
_eeditor.
910 _ajck
_bjvq
_cjck
942 _2ddc
_cBOOK
949 _a759.1 P86
_wDEWEY
_c1
_i03051
_lCCODEBUL1
_mBUL
_p00.00
_r0
_sY
_tBOOK
_u2015-04-23
_xBIBLIOTECA
_zUNKNOWN
_0COMPRA
_o.STAFF. Colección General
994 _aC0
_bPEPRU
596 _a1
999 _a759.1 P86
_wDEWEY
_c8473
_i03051
_f2021-11-5
_g8
_lCCODEBUL1
_mBUL
_r0
_sY
_tBOOK
_u2015-4-23
_xBIBLIOTECA
_zUNKNOWN
_0COMPRA
_o.STAFF. Colección General
_d8473
980 _81
_gALBERTO SANCHEZ Responsable de Automatización